书目信息 |
| 题名: |
CCTV对话未来99种
|
|
| 作者: | ;中央电视台经济部对话栏目组 编 | |
| 分册: | 4 | |
| 出版信息: | 海口 南海出版公司 2002.06 |
|
| 页数: | 331页 | |
| 开本: | 21cm | |
| 丛书名: | 新经典文库 | |
| 单 册: | ||
| 中图分类: | D668 | |
| 科图分类: | ||
| 主题词: | 中央电视台--电视节目--简介 | |
| 电子资源: | ||
| ISBN: | 7-5442-2193-8 | |
| 000 | 01170nam 2200277 450 | |
| 001 | 192004002434 | |
| 005 | 20070914152816.59 | |
| 010 | @a7-5442-2193-8@dCNY25.00 | |
| 100 | @a20070601d2002 ekmy0chiy0121 ea | |
| 101 | 0 | @achi |
| 102 | @aCN@b460000 | |
| 105 | @ac z 000yy | |
| 200 | 1 | @aCCTV对话未来99种@ACCTV dui hua wei lai99 zhong@h4@e影响未来若干年最有价值的理念@f中央电视台经济部《对话》栏目组 [编] |
| 210 | @a海口@c南海出版公司@d2002.06 | |
| 215 | @a331页@c肖像@d21cm | |
| 225 | 2 | @a新经典文库@Axin jing dian wen ku@i借箭丛书 |
| 300 | @a其他题名:影响未来若干年最有价值的理念 | |
| 330 | @a本书收录了对柳传志、李政道、梁定邦、王志东、段永平、孙正义、潘石屹、王文京、于干等99位名人的访问记录,从他们的个人爱好、人生观到经营理念等都有涉及。本书适合相关方面的广大读者阅读。 | |
| 410 | 0 | @12001 @a借箭丛书 |
| 410 | 0 | @12001 @a新经典文库 |
| 517 | 1 | @a影响未来若干年最有价值的理念@Aying xiang wei lai ruo gan nian zui you jie zhi de li nian |
| 606 | 0 | @a中央电视台@x电视节目@x简介 |
| 690 | @aD668@v4 | |
| 711 | 02 | @a中央电视台经济部对话栏目组@Azhong yang dian shi tai jing ji bu dui hua lan mu zu@4编 |
| 801 | 0 | @aCN@c20070914 |
| 905 | @dD668@eZ712:4 | |
| CCTV对话未来99种.4:影响未来若干年最有价值的理念/中央电视台经济部《对话》栏目组 [编].-海口:南海出版公司,2002.06 |
| 331页:肖像;21cm.-(新经典文库.借箭丛书) |
| 其他题名:影响未来若干年最有价值的理念 |
| ISBN 7-5442-2193-8:CNY25.00 |
| 本书收录了对柳传志、李政道、梁定邦、王志东、段永平、孙正义、潘石屹、王文京、于干等99位名人的访问记录,从他们的个人爱好、人生观到经营理念等都有涉及。本书适合相关方面的广大读者阅读。 |
| ● |
| 相关链接 |
|
|
|
正题名:CCTV对话未来99种
索取号:D668/Z712:4
 
预约/预借
| 序号 | 登录号 | 条形码 | 馆藏地/架位号 | 状态 | 备注 |
| 1 | 621506 | 206215068 | 社科库509/509社科库 75排8列4层/ [索取号:D668/Z712:4] | 在馆 | |
| 2 | 621507 | 206215077 | 社科库509/509社科库 75排8列4层/ [索取号:D668/Z712:4] | 在馆 | |
| 3 | 621508 | 206215086 | 社科库509/509社科库 75排8列4层/ [索取号:D668/Z712:4] | 在馆 |